All Land and Water Body Borders – The Americas - Statistics

General Stats
  • This quiz has been taken 85 times
    83 since last reset
  • The average score is 101 of 167
Answers on the Map
Answers color-coded by a green-red scale on the quiz's map according to % correct below.
 
Answer Stats
ANSWER % Correct
Canada-United States
91%
Mexico-United States
91%
United States-Gulf of Mexico
91%
United States-Pacific Ocean
91%
Canada-Pacific Ocean
89%
United States-Atlantic Ocean
89%
Canada-Atlantic Ocean
84%
Mexico-Gulf of Mexico
80%
United States-Lake Michigan
80%
Argentina-Brazil
78%
Brazil-Atlantic Ocean
78%
Canada-Arctic Ocean
78%
Mexico-Caribbean Sea
78%
Argentina-Atlantic Ocean
76%
Argentina-Chile
76%
Belize-Mexico
76%
Chile-Pacific Ocean
76%
Cuba-Atlantic Ocean
76%
Cuba-Gulf of Mexico
76%
Dominican Republic-Atlantic Ocean
76%
Guatemala-Mexico
76%
Mexico-Pacific Ocean
76%
United States-Lake Superior
76%
Argentina-Uruguay
73%
Canada-Lake Superior
73%
Colombia-Pacific Ocean
73%
Cuba-Caribbean Sea
73%
Haiti-Atlantic Ocean
73%
Panama-Pacific Ocean
73%
Belize-Caribbean Sea
71%
Belize-Guatemala
71%
Bolivia-Chile
71%
Brazil-Colombia
71%
Brazil-France
71%
Brazil-Suriname
71%
Brazil-Uruguay
71%
Brazil-Venezuela
71%
Canada-Lake Ontario
71%
Chile-Peru
71%
Colombia-Caribbean Sea
71%
Colombia-Venezuela
71%
Costa Rica-Caribbean Sea
71%
Costa Rica-Pacific Ocean
71%
Dominica-Atlantic Ocean
71%
Dominican Republic-Caribbean Sea
71%
Dominican Republic-Haiti
71%
Ecuador-Pacific Ocean
71%
El Salvador-Pacific Ocean
71%
France-Atlantic Ocean
71%
Guatemala-Caribbean Sea
71%
Guatemala-Pacific Ocean
71%
Guyana-Atlantic Ocean
71%
Guyana-Suriname
71%
Haiti-Caribbean Sea
71%
Honduras-Caribbean Sea
71%
Honduras-Pacific Ocean
71%
Nicaragua-Pacific Ocean
71%
Panama-Caribbean Sea
71%
Peru-Pacific Ocean
71%
Suriname-Atlantic Ocean
71%
United States-Lake Huron
71%
Venezuela-Caribbean Sea
71%
Antigua-Caribbean Sea
69%
Argentina-Bolivia
69%
Argentina-Paraguay
69%
Bolivia-Brazil
69%
Bolivia-Paraguay
69%
Bolivia-Peru
69%
Brazil-Guyana
69%
Brazil-Paraguay
69%
Brazil-Peru
69%
Canada-Hudson Bay
69%
Canada-Hudson Strait
69%
Colombia-Ecuador
69%
Colombia-Peru
69%
El Salvador-Guatemala
69%
El Salvador-Honduras
69%
France-Suriname
69%
Grenada-Caribbean Sea
69%
Guyana-Venezuela
69%
Honduras-Nicaragua
69%
Nicaragua-Caribbean Sea
69%
St Kitts & Nevis-Caribbean Sea
69%
St Lucia-Caribbean Sea
69%
St Vincent-Caribbean Sea
69%
United States-Lake Erie
69%
Uruguay-Atlantic Ocean
69%
Venezuela-Atlantic Ocean
69%
Barbados-Atlantic Ocean
67%
Barbados-Caribbean Sea
67%
Canada-Lake Erie
67%
Colombia-Panama
67%
Costa Rica-Nicaragua
67%
Dominica-Caribbean Sea
67%
Ecuador-Peru
67%
France-Caribbean Sea
67%
Guatemala-Honduras
67%
Jamaica-Caribbean Sea
67%
Mexico-Gulf of California
67%
St Kitts & Nevis-Atlantic Ocean
67%
St Lucia-Atlantic Ocean
67%
St Vincent-Atlantic Ocean
67%
Trinidad & Tobago-Atlantic Ocean
67%
Trinidad & Tobago-Caribbean Sea
67%
United States-Caribbean Sea
67%
Antigua-Atlantic Ocean
64%
Bahamas-Atlantic Ocean
64%
Canada-Lake Huron
64%
Costa Rica-Panama
64%
Grenada-Atlantic Ocean
64%
Netherlands-Caribbean Sea
64%
United States-Lake Ontario
64%
United States-Bering Sea
62%
United Kingdom-Caribbean Sea
60%
Canada-Baffin Bay
58%
Panama-Gulf of Panama
58%
United States-Gulf of Alaska
58%
United States-Chesapeake Bay
56%
Canada-Labrador Sea
53%
Chile-Atlantic Ocean
53%
Canada-Northwest Passages
51%
Denmark-Atlantic Ocean
51%
Denmark-Arctic Ocean
47%
Netherlands-Atlantic Ocean
47%
United States-Gulf of Maine
47%
Argentina-Rio de la Plata
44%
Denmark-Baffin Bay
44%
Uruguay-Rio de la Plata
44%
Bolivia-Lake Titicaca
42%
Canada-Gulf of St Lawrence
42%
Denmark-Greenland Sea
42%
Denmark-Labrador Sea
42%
Peru-Lake Titicaca
42%
United States-San Franciso Bay
42%
Canada-Bay of Fundy
40%
Canada-Beaufort Sea
40%
Canada-Denmark
40%
United States-Long Island Sound
40%
Canada-Gulf of Maine
38%
Canada-James Bay
38%
United States-Bay of Fundy
38%
United States-Beaufort Sea
38%
United States-Chukchi Sea
38%
United States-Delaware Bay
36%
Venezuela-Gulf of Venezuela
36%
Venezuela-Lake Maracaibo
36%
Canada-Davis Strait
33%
Argentina-Argentine Sea
31%
Chile-Strait of Magellan
31%
Denmark-Davis Strait
31%
Mexico-Bay of Campeche
31%
United Kingdom-Argentine Sea
31%
Canada-Lake St. Clair
29%
United States-Lake St. Clair
29%
United States-Mobile Bay
29%
Canada-Lake of the Woods
27%
Canada-Salish Sea
27%
United States-Cook Inlet
27%
United States-Lake of the Woods
27%
United States-Salish Sea
27%
France-Gulf of St Lawrence
24%
United States-Norton Sound
24%
Canada-Amundsen Gulf
20%
Canada-Coronation Gulf
20%
Canada-Ungava Bay
20%
United Kingdom-Sargasso Sea
18%
United States-Kotzebue Sound
18%
No matching quizzes found
Score Distribution
Percent of People with Each Score
Percentile by Number Answered
Your Score History
You have not taken this quiz since the last reset